Engineering soils map of Perry County, Indiana : final report.

Bibliographic Details
Main Author: Yeh, P. T. (Pao-Tai), 1920-
Corporate Authors: Indiana. State Highway Commission, United States. Bureau of Public Roads, Joint Highway Research Project (Ind.)
Format: Book
Language:English
Published: Lafayette : Purdue University, 1968.
Series:Joint Highway Research Project (Ind.) (Series) ; JHRP-68-7.
Subjects:

MARC

Tag First Indicator Second Indicator Subfields
LEADER 00000cam a2200000 a 4500
001 in00000778158
005 20151017054123.0
008 880615s1968 inuab t 00000 eng d
035 |a (OCoLC)18091726 
035 |9 ADL7602AM 
040 |a TXA  |c TXA  |d UtOrBLW 
043 |a n-us-in 
049 1 |a TXA2 
090 |a TE1.A3  |b J6 no. 68-7 
100 1 |a Yeh, P. T.  |q (Pao-Tai),  |d 1920- 
245 1 0 |a Engineering soils map of Perry County, Indiana :  |b final report. 
264 1 |a Lafayette :  |b Purdue University,  |c 1968. 
300 |a ii, 29 leaves :  |b illustrations, map (folded in pocket) ;  |c 28 cm. 
336 |a text  |b txt  |2 rdacontent 
337 |a unmediated  |b n  |2 rdamedia 
338 |a volume  |b nc  |2 rdacarrier 
490 1 |a Purdue University, Lafayette, Ind. Engineering Experiment Station. Joint Highway Research Project. Project no. C-36-51B. File no. 1-5-28-45 ;  |v no. 7 
650 0 |a Soils  |z Indiana  |z Perry County. 
650 0 |a Soils  |v Maps. 
710 1 |a Indiana.  |b State Highway Commission. 
710 1 |a United States.  |b Bureau of Public Roads. 
710 2 |a Joint Highway Research Project (Ind.) 
830 0 |a Joint Highway Research Project (Ind.) (Series) ;  |v JHRP-68-7. 
999 |a MARS 
999 f f |s a69c9ea4-85a4-3e88-ae26-67a33164c79c  |i ab80a5ef-609a-3eea-a2af-b3abd9bf56f8  |t 0 
952 f f |p ric  |a Texas A&M University  |b Rellis Campus  |c Joint Library Facility  |d Remote Storage  |t 0  |e TE1.A3 J6 no. 68-7  |h Library of Congress classification  |i unmediated -- volume  |m A14810849665 
998 f f |a TE1.A3 J6 no. 68-7  |t 0  |l Remote Storage